=LDR 00000nam 2200000 4500 =001 INLIS000000000019531 =005 20130612114600 =008 ***********************************Ind** =035 ##$$0010-061300000019531 =041 ##$$a Ind =082 ##$$a 813.06 =090 ##$$a 813.06, Tai u =100 ##$$a Tain, Sabaruddin =245 ##$$a Umar bin khatab, pemimpin teladan sepanjang zaman, Sabaruddin Tain =260 ##$$a 2005 $b [s.l] =300 ##$$a iv, 59 hlm, ilus, 21 cm =650 ##$$a Fiksi Indonesia-Komik =850 ##$$a NBPNMAT